00560nam a22002057a 450000500170000001000150001702000260003203500130005803500170007103500130008803700130010103700120011408200080012610000160013424500580015026000350020827000590024330000330030250000190033520180309125908.0 aENG-109801 a9789350500200c595.00 aEN-93334 aB-536793-797 aB-667724 bDBAD/PUB bKKP/Ven a220 aSidhu, A.S.00aAntiquities of Vedas and Upanishads /cby A. S. Sidhu aDelhibB. R. Publishing c2012 a425, Nimri Colony Ashok Vihar, Phase-IVbDelhie110052 aviii,195p. :c22cm(Hb)bmaps aInculdes index